000 00785nam a22002177a 4500
999 _c9805
_d9805
005 20251125232823.0
008 s2543 th tha d
020 _a9743219846
040 _aNALT
041 _atha
050 _aDS578.32
_bบ192น 2543
100 0 _aนิกร จำนง
245 1 0 _aบริหารงานสไตล์บรรหาร
260 3 _aกรุงเทพฯ :
_bมติชน,
_c2543
300 _a165 หน้า :
_bภาพประกอบ ;
_c 22 ซม.
650 0 4 _aบรรหาร ศิลปอาชา, 2475--
850 _aNALT
856 4 0 _uhttps://hdl.handle.net/20.500.14156/410550
_71
942 _cGB
_2lcc
_02
998 _j111
_k นางสาวพจพิณ พรมเอี่ยม